000 01485cam a2200349 a 4500
999 _c332022
_d332022
001 12691968
003 NUST
005 20171107121907.0
008 020305s2003 mauab bf 001 0 eng
010 _a 2002025494
020 _a0072480661 (alk. paper)
020 _a0071198881 (ISE)
040 _aDLC
_cDLC
_dDLC
050 0 0 _aTD193
_b.S28 2003
082 0 0 _a628.0154 SAW
_221
100 1 _aSawyer, Clair N.
_96100
245 1 0 _aChemistry for environmental engineering and science /
_cClair N. Sawyer, Perry L. McCarty, Gene F. Parkin.
250 _a5th ed.
260 _aBoston :
_bMcGraw-Hill,
_cc2003.
300 _axvi, 752 p. :
_bill., map ;
_c24 cm.
440 4 _aThe McGraw-Hill series in civil and environmental engineering
_96109
500 _aH.B
504 _aIncludes bibliographical references and index.
650 0 _aEnvironmental chemistry.
_9441
650 0 _aEnvironmental chemistry
_vLaboratory manuals.
_96110
650 0 _aSanitary engineering.
_92530
650 0 _aSanitary engineering
_vLaboratory manuals.
_96111
700 1 _aMcCarty, Perry L.
_96103
700 1 _aParkin, Gene F.
_96104
856 4 2 _3Publisher description
_uhttp://www.loc.gov/catdir/description/mh024/2002025494.html
856 4 1 _3Table of contents
_uhttp://www.loc.gov/catdir/toc/mh023/2002025494.html
906 _a7
_bcbc
_corignew
_d1
_eocip
_f20
_gy-gencatlg
942 _2ddc
_cBK
_kIESE